000 00444nam a22001457a 4500
003 SGT
082 _a617.645
_bR23T
100 _aTaruna
245 _aRegenerative endodontic treatment in non-vital immature versus mature permanent incisors
_bA Clinical study
260 _aGurugram, Haryana
_bSGT University
_c2023
300 _a61
650 _aPediatric & Preventive Dentistry
653 _aPediatric & Preventive Dentistry
942 _2ddc
_cTH
999 _c23726
_d23726